[Event "Druzynowe Mistrzostwa Polski - II Liga 2023"]
[Site "Jastrzebia Gora"]
[Date "1899-12-30"]
[Round "1.104"]
[White "Sokolowski, Ryszard"]
[Black "Kozlowski, Michal"]
[Result "0-1"]
[WhiteTitle "k"]
[BlackTitle "I++"]
[WhiteElo "1958"]
[BlackElo "2048"]

1. d4 Nf6 2. c4 e6 3. Nf3 b6 4. g3 Bb7 5. Bg2 Be7 6. Nc3 Ne4 7. Qd3 Nxc3 8. Qxc3
O-O 9. O-O d6 10. b4 c5 11. Be3 Nc6 12. b5 cxd4 13. Nxd4 Nxd4 14. Bxd4 Bxg2 15.
Kxg2 e5 16. Be3 Qc7 17. Qd3 h6 18. Rac1 Rac8 19. Rc2 Qd7 20. Qd5 Bg5 21. Bxg5
hxg5 22. Rd1 Rfd8 23. h3 Rc5 24. Qd3 g4 25. hxg4 Qxg4 26. f3 Qg5 27. e4 g6 28.
Qd2 Qxd2+ 29. Rdxd2 Kf8 30. Rd3 Ke7 31. Kf2 Rh8 32. Ke3 Rh1 33. Ra3 Rc7 34. g4
Ke6 35. Rd3 Rb1 36. Rb3 Re1+ 37. Kf2 Rd1 38. Ke3 Rd4 39. Rbc3 f5 40. gxf5+ gxf5
41. exf5+ Kxf5 42. Rc1 Ke6 43. R1c2 Rf4 44. Rc1 Rcf7 45. Ke2 Rh7 46. a3 Rhh4 47.
R1c2 Rh3 48. Rc1 Rd4 49. Ke3 Kf5 50. R1c2 Rdh4 51. Rf2 e4 52. Kd2 Rh2 53. Ke3
Rxf2 54. fxe4+ Ke5 55. Kxf2 Kd4 56. Rc1 Rxe4 57. Rd1+ Kxc4 58. Rxd6 Kxb5 59. Rd3
Ka4 0-1

[Event "Druzynowe Mistrzostwa Polski - II Liga 2023"]
[Site "Jastrzebia Gora"]
[Date "1899-12-30"]
[Round "1.105"]
[White "Kitewski, Bartosz"]
[Black "Majewski, Krzysztof"]
[Result "0-1"]
[WhiteTitle "I++"]
[BlackTitle "I+"]
[WhiteElo "1967"]
[BlackElo "1903"]

1. d4 d6 2. Nf3 Nd7 3. c4 e5 4. Nc3 exd4 5. Nxd4 g6 6. e4 Bg7 7. Be2 Ngf6 8. O-O
O-O 9. Be3 Nc5 10. f3 a5 11. Qd2 Re8 12. Rfd1 Be6 13. Ndb5 Na6 14. Rac1 Qe7 15.
Bf1 Nd7 16. Nd5 Qd8 17. Nd4 Nac5 18. g3 Ne5 19. Qe2 c6 20. Nxe6 Nxe6 21. Nb6 Rb8
22. c5 Bf8 23. cxd6 c5 24. d7 Re7 25. Nd5 Rxd7 26. f4 Nc6 27. Nf6+ Qxf6 28. Rxd7
Ned4 29. Qf2 Qe6 30. Rxf7 Qxe4 31. Bc4 Kh8 32. Rd7 Re8 33. Rc3 Bg7 34. Bd5 Qf5
35. Rd6 Bf8 36. Rxc5 Rxe3 37. Qxe3 Bxd6 38. Qe8+ Kg7 39. Qg8+ Kh6 40. Rc4 Ne7
41. Qh8 Qxd5 42. g4 Ne2+ 43. Kf2 Nxf4 0-1

[Event "Druzynowe Mistrzostwa Polski - II Liga 2023"]
[Site "Jastrzebia Gora"]
[Date "1899-12-30"]
[Round "1.106"]
[White "Gajdzica, Maciej"]
[Black "Slawinski, Miroslaw"]
[Result "1-0"]
[WhiteTitle "k"]
[BlackTitle "k"]
[WhiteElo "1968"]
[BlackElo "1905"]

1. d4 Nf6 2. c4 e6 3. Nf3 d5 4. Nc3 c6 5. e3 Nbd7 6. Bd3 dxc4 7. Bxc4 b5 8. Bd3
Bb7 9. O-O b4 10. Ne4 Nxe4 11. Bxe4 Bd6 12. a3 a5 13. Qc2 Qc7 14. axb4 axb4 15.
Rxa8+ Bxa8 16. Bd2 Ke7 17. Rc1 Qa5 18. Bxc6 Rc8 19. Qa4 Qc7 20. Bb5 Qxc1+ 21.
Bxc1 Rxc1+ 22. Bf1 Be4 23. Qb5 Rc2 24. Ne1 Rxb2 25. f3 Bg6 26. e4 b3 27. Bd3 e5
28. Qb7 f6 29. Bc4 exd4 30. Qd5 Bf4 31. Qxd4 Rb1 32. Kf1 b2 33. Ba2 Be5 34. Qb4+
Bd6 35. Qb5 Rd1 36. Qxb2 Nc5 37. Qc2 Ra1 38. Ke2 Be8 39. g3 Na4 40. Bc4 Bb4 41.
Nd3 Ba5 42. Nc1 Rb1 43. Kf1 Rb2 44. Qd3 Bb6 45. Ne2 Nc5 46. Qa3 Rb1+ 47. Kg2 Kd8
48. Nf4 Rd1 49. Qa8+ Rh1 1-0

[Event "Druzynowe Mistrzostwa Polski - II Liga 2023"]
[Site "Jastrzebia Gora"]
[Date "1899-12-30"]
[Round "1.107"]
[White "Strepikowski, Pawel"]
[Black "Lonski, Aleksander"]
[Result "1/2-1/2"]
[WhiteTitle "I"]
[BlackTitle "I"]
[WhiteElo "1855"]
[BlackElo "1805"]

1. e4 c5 2. Nf3 g6 3. g3 Bg7 4. Bg2 Nc6 5. O-O d6 6. d3 e5 7. Nc3 Nge7 8. Nd2 O-O
9. Nc4 Rb8 10. a4 Be6 11. Nd5 f5 12. f4 Bxd5 13. exd5 Na5 14. fxe5 Nxc4 15. dxc4
Bxe5 16. c3 Nc8 17. a5 b6 18. axb6 Nxb6 19. Rxa7 Nxc4 20. Rf2 Ra8 21. Rxa8 Qxa8
22. Qe2 Qa4 23. Bf1 Nb6 24. Be3 Nd7 25. Qb5 Qxb5 26. Bxb5 Nf6 27. Re2 Rb8 28.
Bc4 Nd7 29. Kf1 Kg7 30. Ke1 Nb6 31. Bb3 Nd7 32. Ba4 Nb6 33. Bc6 Kf6 34. Kd1 Nc4
35. Bc1 g5 36. Kc2 f4 37. Rf2 Kf5 38. Kd3 Nb6 39. gxf4 c4+ 40. Ke2 Bxf4 41. Bxf4
gxf4 42. Kf3 Rg8 43. Rf1 Rg6 44. Ra1 Rg7 45. Ra6 Nd7 46. Bxd7+ Rxd7 47. Rc6 Re7
48. Rxd6 Re3+ 49. Kf2 Rd3 50. Rc6 Rxd5 51. Rxc4 Rd2+ 52. Kf3 Rd3+ 53. Ke2 Rh3
54. b4 Rxh2+ 55. Kf3 Rh3+ 56. Kg2 Rd3 57. Rc8 Ke6 58. b5 Kd7 59. Rc4 h5 60. b6
Rd2+ 61. Kf3 Rb2 62. Kxf4 Rxb6 63. Rc5 Rc6 64. Rxc6 1/2-1/2

[Event "Druzynowe Mistrzostwa Polski - II Liga 2023"]
[Site "Jastrzebia Gora"]
[Date "1899-12-30"]
[Round "1.108"]
[White "Krzywnicka, Maria"]
[Black "Kawa, Anna"]
[Result "1-0"]
[WhiteTitle "I++"]
[BlackTitle "I++"]
[WhiteElo "1835"]
[BlackElo "1665"]

1. e4 c5 2. Nc3 a6 3. a4 Nc6 4. g3 g6 5. Bg2 Bg7 6. d3 e6 7. Be3 d6 8. Qd2 h6 9.
Nge2 Nge7 10. O-O e5 11. f4 Nd4 12. Rf2 Be6 13. Raf1 Rb8 14. Nd5 Bxd5 15. exd5
Nef5 16. fxe5 dxe5 17. g4 Nxe3 18. Qxe3 O-O 19. Nc1 Qb6 20. c3 Nb3 21. a5 Qb5
22. Nxb3 Qxb3 23. Qxc5 Qa4 24. h3 Qd7 25. Kh1 Rbd8 26. c4 Kh8 27. Qb6 f5 28. Qxg6
Rf6 29. Qh5 f4 30. Be4 Qc7 31. g5 Rfd6 32. b4 Qd7 33. c5 Rxd5 34. gxh6 Bf8 35.
Rg2 Qe6 36. Rg6 Qf7 37. Rfg1 Be7 38. Rg8+ Rxg8 39. Qxf7 Rxg1+ 40. Kxg1 Bxc5+ 41.
bxc5 Rd8 42. Qg7# 1-0

[Event "Druzynowe Mistrzostwa Polski - II Liga 2023"]
[Site "Jastrzebia Gora"]
[Date "1899-12-30"]
[Round "1.109"]
[White "Sliwicka, Alicja"]
[Black "Jedraszek, Pawel"]
[Result "1/2-1/2"]
[WhiteTitle "WIM"]
[BlackTitle "k"]
[WhiteElo "2321"]
[BlackElo "2098"]

1. e4 c5 2. Nf3 e6 3. d4 cxd4 4. Nxd4 Nc6 5. Nc3 a6 6. a3 Qc7 7. Be3 Nf6 8. f4
d6 9. Qf3 Be7 10. Nxc6 bxc6 11. O-O-O Rb8 12. g4 Qb7 13. Kd2 e5 14. Rg1 exf4 15.
Bxf4 Nd7 16. Qg3 Ne5 17. Bxe5 dxe5 18. Qxe5 O-O 19. g5 Rd8+ 20. Ke1 Be6 21. Rg2
Qb6 22. h4 Re8 23. Na4 Qe3+ 24. Re2 Qa7 25. Qf4 Rb5 26. e5 Qc7 27. Re3 Qa5+ 28.
Kf2 Rd5 29. Bd3 c5 30. Nc3 Rd4 31. Ne4 c4 32. Be2 Rxd1 33. Bxd1 Rd8 34. Be2 Qb6
35. h5 Bd5 36. Kg3 Bxe4 37. Rxe4 Qg1+ 38. Kf3 Qh1+ 39. Kg3 Qg1+ 40. Kf3 Qh1+ 41.
Kg3 Qg1+ 1/2-1/2

[Event "Druzynowe Mistrzostwa Polski - II Liga 2023"]
[Site "Jastrzebia Gora"]
[Date "1899-12-30"]
[Round "1.110"]
[White "Ugorek, Kacper"]
[Black "Sliwicki, Damian"]
[Result "0-1"]
[WhiteTitle "I+"]
[BlackTitle "CM"]
[WhiteElo "2004"]
[BlackElo "2091"]

1. Nf3 c5 2. e4 Nc6 3. d4 cxd4 4. Nxd4 g6 5. c4 Bg7 6. Be3 Nf6 7. Nc3 O-O 8. Nc2
Qa5 9. f3 a6 10. Qd2 d6 11. Be2 Be6 12. Nd5 Qxd2+ 13. Kxd2 Rac8 14. Rac1 Nd7 15.
b3 f5 16. Nf4 Bf7 17. exf5 gxf5 18. Nh3 Kh8 19. f4 d5 20. Ng5 Bg8 21. cxd5 Bxd5
22. Bf3 Bg8 23. Rhd1 e5 24. Ke2 exf4 25. Bxf4 Nde5 26. Bxc6 Rxc6 27. Ne3 Rxc1
28. Rxc1 Re8 29. Rd1 Bf6 30. Kf2 h6 31. Nf3 Ng4+ 32. Nxg4 fxg4 33. Nd4 Rd8 34.
Be3 Be5 35. g3 Kh7 36. Rd2 Kg6 37. Ne2 Rc8 38. Bf4 Bf6 39. Rd6 Rd8 40. Rb6 Bd5
41. Rd6 Be4 42. Rxd8 Bxd8 43. Be3 Bb1 44. a3 Bf6 45. Bd4 Be7 46. b4 Kf5 47. Ke3
h5 48. Bb6 Bd6 49. Bd8 Bb8 50. Be7 Ba2 51. Nf4 Bf7 52. Nd3 Ke6 53. Bc5 Kd5 54.
a4 h4 55. Nf4+ Ke5 56. gxh4 Kf5 57. Ne2 Bxh2 58. Kf2 Be5 59. Ng3+ Kg6 60. a5 Bf6
61. h5+ Kh6 62. Bf8+ Kh7 63. Bd6 Bd4+ 64. Kg2 Be6 65. Kh2 Kh6 66. Bf4+ Kg7 67.
Ne4 Bd5 68. Ng3 Bc3 69. Bd6 Kf6 70. Bf8 Be5 71. Bc5 Kg5 72. Be3+ Kf6 73. Bc5 Bf4
74. Bf2 Bf7 75. Kg2 Kg5 76. Bc5 Bxh5 77. Be7+ Kg6 78. Bc5 Be5 79. Be3 Bc3 80.
Bc5 Bd2 81. Bd6 Be1 82. Bc5 Bc3 83. Bd6 Bd4 84. Bc7 Be3 85. Bd6 Bd2 86. Bc5 Bf4
87. Bf8 Be5 88. Bc5 Bc7 89. Kf2 Kg5 90. Be7+ Kh6 91. Bf8+ Kg6 92. Bc5 Bf4 93.
Kg2 Be5 94. Kf2 Bf6 95. Kg2 Kh6 96. Bf8+ Kg6 97. Bc5 Bd8 98. Be3 Be7 99. Ne2 Kg7
100. Bd2 Be8 101. Kg3 Bd7 102. Nf4 Bd6 103. Kh4 Kf6 104. Ne2 Kf5 105. Ng3+ Ke5
106. Nh5 Kd4 107. Nf6 Be6 108. Nxg4 Bxg4 109. Kxg4 Kc4 110. Kf3 Bxb4 111. Bg5
Bxa5 112. Ke2 Bc3 113. Kd1 Kb3 114. Kc1 a5 115. Kb1 a4 116. Bc1 a3 117. Bb2 a2+
0-1

[Event "Druzynowe Mistrzostwa Polski - II Liga 2023"]
[Site "Jastrzebia Gora"]
[Date "1899-12-30"]
[Round "1.111"]
[White "Praczukowski, Stanislaw"]
[Black "Walaszczyk, Aleksander"]
[Result "1/2-1/2"]
[WhiteTitle "k"]
[BlackTitle "I"]
[WhiteElo "2142"]
[BlackElo "1693"]

1. d4 Nf6 2. c4 g6 3. Nc3 d5 4. Nf3 Bg7 5. Qb3 dxc4 6. Qxc4 O-O 7. e4 Nc6 8. Be2
e5 9. d5 Nd4 10. Nxd4 exd4 11. Qxd4 c6 12. Qc4 b5 13. Qxc6 Bd7 14. Qd6 Re8 15.
e5 Ng4 16. e6 fxe6 17. h3 Ne5 18. O-O Nf7 19. Qa3 exd5 20. Bf3 d4 21. Ne4 Rc8
22. Bf4 a5 23. Rac1 b4 24. Qd3 Qb6 25. Ng5 Nxg5 26. Bxg5 Qb5 27. Qd2 d3 28. Bh6
Bxh6 29. Qxh6 Rc2 30. Rxc2 dxc2 31. Qd2 Bf5 32. Rc1 Qd3 33. Qf4 Rd8 34. g4 Be6
35. Be4 Qxh3 36. Bxc2 Qxg4+ 37. Qxg4 Bxg4 38. Bb3+ Kg7 39. Rc7+ Rd7 40. Rc5 Ra7
41. Kg2 Bf5 42. Kg3 a4 43. Bd5 a3 44. bxa3 bxa3 45. Kf4 Bd7 46. Ke5 Be8 47. f4
Bf7 48. Bxf7 Rxf7 49. Ke4 Ra7 50. Kf3 h5 51. Rc6 Ra5 52. Kg3 Rd5 53. Rc3 Ra5 54.
Rc6 g5 55. fxg5 Rxg5+ 56. Kh3 Ra5 57. Kh4 Kf7 58. Rh6 Ke7 59. Rxh5 Rxh5+ 60. Kxh5
Kd6 61. Kg4 Kc5 62. Kf4 Kb4 63. Ke3 Kc3 64. Ke2 Kb2 65. Kd2 Kxa2 66. Kc2 Ka1 67.
Kc1 a2 68. Kc2 1/2-1/2

[Event "Druzynowe Mistrzostwa Polski - II Liga 2023"]
[Site "Jastrzebia Gora"]
[Date "1899-12-30"]
[Round "1.112"]
[White "Sasin, Michal"]
[Black "Gorkiewicz, Mateusz"]
[Result "0-1"]
[WhiteTitle "I"]
[BlackTitle "k"]
[WhiteElo "1804"]
[BlackElo "2133"]

1. e4 e5 2. Nf3 Nc6 3. Bc4 Nf6 4. Ng5 d5 5. exd5 Na5 6. Bb5+ c6 7. dxc6 bxc6 8.
Bd3 Nd5 9. Nf3 Bd6 10. O-O Nf4 11. Re1 Nxd3 12. cxd3 O-O 13. b3 c5 14. Bb2 Nc6
15. Na3 f6 16. Nc4 Nb4 17. Re3 Bc7 18. Ne1 Bf5 19. Ba3 a5 20. Bxb4 cxb4 21. Rc1
Qd7 22. h3 Ra6 23. Qe2 Bb8 24. d4 exd4 25. Re7 Qd5 26. Nd3 Re6 27. Rxe6 Bxe6 28.
Re1 Bf7 29. Qg4 Qd8 30. Nf4 f5 31. Qf3 Re8 32. Rxe8+ Qxe8 33. Nd3 Qc8 34. Nxa5
Qc2 35. g3 h6 36. Qxf5 Qxd2 37. Nc5 Bd6 38. Nd7 Qe1+ 39. Kg2 Be6 40. Qf3 Bxd7
41. Nb7 Qe6 42. Nd8 Qxh3+ 43. Kg1 Qf5 0-1

[Event "Druzynowe Mistrzostwa Polski - II Liga 2023"]
[Site "Jastrzebia Gora"]
[Date "1899-12-30"]
[Round "1.113"]
[White "Tamon, Radoslaw"]
[Black "Duszczak, Filip"]
[Result "1/2-1/2"]
[WhiteTitle "I"]
[BlackTitle "II"]
[WhiteElo "1845"]
[BlackElo "1450"]

1. d4 Nf6 2. c4 g6 3. Nc3 Bg7 4. e4 d6 5. Nf3 O-O 6. Be2 e5 7. O-O Nc6 8. d5 Ne7
9. a4 a5 10. Qc2 Nd7 11. Ra3 Nc5 12. Be3 b6 13. Bxc5 bxc5 14. Nb5 Bd7 15. Nd2
f5 16. Bf3 f4 17. Qd1 h5 18. g4 fxg3 19. fxg3 Kh7 20. Bg2 Ng8 21. Rxf8 Bxf8 22.
Rf3 Nh6 23. Qf1 Kg7 24. h3 Be7 25. Rf2 h4 26. g4 Bg5 27. Qd3 Bf4 28. Qc3 Bg3 29.
Rf1 Qb8 30. Nf3 Qd8 31. Nh2 Nf7 32. Nf3 g5 33. Kh1 Nh8 34. Ng1 Ng6 35. Ne2 Bf4
36. Rd1 Qb8 37. b3 Qb6 38. Bf3 Rf8 39. Kg2 Ra8 40. Kh1 Rf8 41. Kg2 Ra8 1/2-1/2

[Event "Druzynowe Mistrzostwa Polski - II Liga 2023"]
[Site "Jastrzebia Gora"]
[Date "1899-12-30"]
[Round "1.114"]
[White "Barwinska, Ewa"]
[Black "Sliwicka, Weronika"]
[Result "1-0"]
[WhiteTitle "WCM"]
[BlackTitle "I"]
[WhiteElo "2030"]
[BlackElo "1526"]

1. e4 c5 2. Nf3 e6 3. d3 Qc7 4. g3 d6 5. Bg2 Nc6 6. O-O Nf6 7. Re1 Be7 8. c3 O-O
9. d4 cxd4 10. cxd4 d5 11. e5 Ne4 12. Nbd2 Nxd2 13. Bxd2 Qb6 14. Bc3 f6 15. exf6
Bxf6 16. Qd2 Bd7 17. Rad1 Rae8 18. h4 Qc7 19. Nh2 Kh8 20. Ng4 h5 21. Nxf6 Rxf6
22. Qe2 g6 23. Qe3 Kg7 24. Bd2 Rh8 25. Qc3 Qb6 26. Bf4 Kh7 27. Bg5 Rf7 28. Rd2
Rc8 29. Qe3 Nb4 30. Qb3 Nc6 31. Qd1 Rcf8 32. Be3 Qc7 33. Qc2 Qd6 34. Rc1 Na5 35.
b3 Rc8 36. Qd1 Nc6 37. Rdc2 Rcf8 38. Qd2 Re8 39. Rd1 Nb4 40. Rcc1 Nc6 41. Bf4
Qe7 42. Qe3 Ref8 43. Bh6 Re8 44. Bg5 Qa3 45. Qd2 Ref8 46. f4 Re8 47. Bf3 Qd6 48.
g4 hxg4 49. Bxg4 Ref8 50. Rf1 Ne7 51. h5 Nf5 52. Qh2 Qb4 53. hxg6+ Kxg6 54. Bh5+
Kg7 55. Qg2 Qxd4+ 56. Rf2 Qe3 57. Bf6+ Kh7 58. Qg6# Qd4 59. Bg5+ Kh8 1-0

[Event "Druzynowe Mistrzostwa Polski - II Liga 2023"]
[Site "Jastrzebia Gora"]
[Date "1899-12-30"]
[Round "1.115"]
[White "Bielinski, Dariusz"]
[Black "Stanisz, Patryk"]
[Result "0-1"]
[WhiteTitle "k+"]
[BlackTitle "CM"]
[WhiteElo "2129"]
[BlackElo "2149"]

1. d4 d5 2. Nf3 Nf6 3. c4 c6 4. Qc2 g6 5. e3 Bg7 6. Nc3 O-O 7. Be2 c5 8. cxd5 cxd4
9. Nxd4 Nxd5 10. Nxd5 Qxd5 11. Bf3 Qa5+ 12. Bd2 Qb6 13. O-O e5 14. Nb3 Bf5 15.
e4 Rc8 16. Qd3 Be6 17. Be3 Qa6 18. Nc5 Qxd3 19. Nxd3 Na6 20. Rfc1 Rxc1+ 21. Rxc1
Bxa2 22. b4 b5 23. Ra1 Bc4 24. Rxa6 Bxd3 25. Rxa7 Rxa7 26. Bxa7 Bf8 27. Bc5 Bxc5
28. bxc5 Kf8 29. Bd1 Bxe4 30. Bb3 Ke7 31. f3 Bd3 32. Kf2 Bc4 33. Bc2 b4 34. Ke3
b3 35. Bb1 Ke6 36. Ke4 Kd5+ 0-1

[Event "Druzynowe Mistrzostwa Polski - II Liga 2023"]
[Site "Jastrzebia Gora"]
[Date "1899-12-30"]
[Round "1.116"]
[White "Kaminski, Piotr"]
[Black "Kielbratowski, Aleksander"]
[Result "1-0"]
[WhiteTitle "k"]
[BlackTitle "I+"]
[WhiteElo "2024"]
[BlackElo "1969"]

1. d4 g6 2. c4 Bg7 3. e4 d6 4. Nc3 b6 5. Be3 Bb7 6. Qd2 e6 7. O-O-O Nd7 8. Nge2
a6 9. Kb1 b5 10. Ng3 c6 11. f4 bxc4 12. Bxc4 d5 13. Bb3 Ne7 14. f5 O-O 15. Bh6
exf5 16. exf5 Nf6 17. h4 Bc8 18. Bc2 Rb8 19. h5 Nxf5 20. Nxf5 gxf5 21. Qg5 1-0

[Event "Druzynowe Mistrzostwa Polski - II Liga 2023"]
[Site "Jastrzebia Gora"]
[Date "1899-12-30"]
[Round "1.117"]
[White "Kielek, Andrzej"]
[Black "Rudecki, Bartosz"]
[Result "1-0"]
[WhiteTitle "I++"]
[BlackTitle "I+"]
[WhiteElo "1897"]
[BlackElo "1880"]

1. b4 e5 2. Bb2 Bxb4 3. Bxe5 Nf6 4. e3 O-O 5. Be2 d5 6. Nf3 c5 7. O-O Nc6 8. Bb2
Re8 9. d3 Ba5 10. Nbd2 Bc7 11. Re1 b6 12. Nf1 Bb7 13. a3 Qd6 14. Qd2 Rad8 15.
h3 Qe7 16. Rad1 h6 17. Qc1 Nh7 18. Qa1 f5 19. Qa2 Qf7 20. N3d2 Ng5 21. f4 Ne6
22. Bf3 Kf8 23. Bxd5 Rxd5 24. Qxd5 Na5 25. Qa2 Qg6 26. g3 Nxf4 27. exf4 Bxf4 28.
Rxe8+ Qxe8 29. gxf4 Qe2 30. Ne4 Qxd1 31. Qe6 fxe4 32. Qd6+ Ke8 33. Bxg7 exd3 34.
Qf8+ Kd7 35. Qf7+ Kc6 36. Qe8+ Kd5 37. cxd3 c4 38. Qd7+ Kc5 39. Bf8# Kd5 1-0

[Event "Druzynowe Mistrzostwa Polski - II Liga 2023"]
[Site "Jastrzebia Gora"]
[Date "1899-12-30"]
[Round "1.118"]
[White "Szmyd, Arkadiusz"]
[Black "Kielbratowski, Maciej"]
[Result "1-0"]
[WhiteTitle "CM"]
[BlackTitle "II+"]
[WhiteElo "2053"]
[BlackElo "1687"]

1. e4 c5 2. Nf3 g6 3. d4 Bg7 4. dxc5 Qa5+ 5. c3 Qxc5 6. Na3 Bxc3+ 7. bxc3 Qxc3+
8. Qd2 Qxa1 9. Nb5 Na6 10. Nc3 b6 11. Nd4 Nc5 12. f3 Nf6 13. e5 Ng4 14. fxg4 Bb7
15. Nc2 Bxg2 16. Bxg2 Qxc1+ 17. Qxc1 Nd3+ 18. Kd2 Nxc1 19. Bxa8 O-O 20. Be4 Nxa2
21. Nxa2 Rc8 22. Nc3 Rc5 23. Nd5 Kg7 24. Ncb4 e6 25. Nd3 Rc4 26. Nf6 d5 27. Bf3
Ra4 28. h4 b5 29. Rc1 Ra2+ 30. Ke3 a5 31. Rc8 1-0

[Event "Druzynowe Mistrzostwa Polski - II Liga 2023"]
[Site "Jastrzebia Gora"]
[Date "1899-12-30"]
[Round "1.119"]
[White "Kolodziejski, Grzegorz"]
[Black "Boruta, Dawid"]
[Result "0-1"]
[WhiteTitle "II"]
[BlackTitle "I++"]
[WhiteElo "1552"]
[BlackElo "1990"]

1. e4 c6 2. d4 d5 3. Nc3 dxe4 4. Nxe4 Bf5 5. Ng3 Bg6 6. h4 h6 7. Nf3 Nd7 8. h5
Bh7 9. Bd3 Bxd3 10. Qxd3 e6 11. Bd2 Ngf6 12. O-O-O Be7 13. Kb1 Qb6 14. Ne4 Nxe4
15. Qxe4 Nf6 16. Qe2 Qb5 17. c4 Qf5+ 18. Ka1 Qe4 19. Qf1 a5 20. Rh4 Qf5 21. Ne5
Ne4 22. Rf4 Nxd2 23. Rxf5 Nxf1 24. Rxf7 Bf6 25. Rxb7 O-O-O 26. Rb6 Bxe5 27. Rxf1
Kc7 28. Ra6 Rxd4 29. Rxa5 Rhd8 30. Kb1 Bf6 31. b3 Rd2 32. g4 Kb6 33. Ra4 Rb2+
34. Kc1 Rdd2 35. f4 Rxa2 36. c5+ Kxc5 37. Rc4+ Kb5 38. f5 Rdb2 39. Kd1 Rb1+ 40.
Rc1 Rxc1+ 41. Kxc1 Ra1+ 0-1

[Event "Druzynowe Mistrzostwa Polski - II Liga 2023"]
[Site "Jastrzebia Gora"]
[Date "1899-12-30"]
[Round "1.120"]
[White "Tarnowska, Aleksandra"]
[Black "Dziopa, Malgorzata"]
[Result "1-0"]
[WhiteTitle "WCM"]
[BlackTitle "I++"]
[WhiteElo "1860"]
[BlackElo "1727"]

1. e4 e5 2. Nf3 Nc6 3. Bb5 d6 4. O-O Be7 5. c3 a6 6. Ba4 h6 7. d4 b5 8. Bb3 Nf6
9. h3 O-O 10. Re1 Bb7 11. Nbd2 exd4 12. cxd4 Re8 13. Nf1 d5 14. e5 Ne4 15. Ng3
Nxg3 16. fxg3 Na5 17. Bc2 c5 18. Qd3 g6 19. e6 f5 20. Bxh6 c4 21. Qf1 Nc6 22.
g4 Kh7 23. g5 Bf8 24. Qf2 Kg8 25. Nh4 Bxh6 26. gxh6 Qg5 27. Re3 Nxd4 28. Nxg6
Qxg6 29. Rd1 Rxe6 30. Rxd4 Rxe3 31. Qxe3 Re8 32. Bxf5 Rxe3 33. Bxg6 Rg3 34. Bf5
Rg5 35. g4 Bc6 36. h4 Rxf5 37. gxf5 Kh7 38. Rg4 Be8 39. Kf2 Kxh6 40. Ke3 b4 41.
Kd4 Bf7 42. f6 Bg6 43. Rg5 Bf7 44. Rg7 Bg6 45. Ra7 1-0

[Event "Druzynowe Mistrzostwa Polski - II Liga 2023"]
[Site "Jastrzebia Gora"]
[Date "1899-12-30"]
[Round "1.121"]
[White "Klepek, Witold"]
[Black "Trzebinski, Patryk"]
[Result "0-1"]
[WhiteTitle "k++"]
[BlackTitle "I++"]
[WhiteElo "2299"]
[BlackElo "1916"]

1. e4 c5 2. Nf3 Nc6 3. d4 cxd4 4. Nxd4 g6 5. c4 Nf6 6. Nc3 d6 7. f3 Nxd4 8. Qxd4
Bg7 9. Be3 O-O 10. Qd2 Be6 11. Rc1 Qa5 12. Bd3 Rfc8 13. b3 a6 14. Ne2 Qxd2+ 15.
Kxd2 Nd7 16. Nf4 Bb2 17. Rc2 Ba3 18. Nxe6 fxe6 19. Bg5 Kf7 20. h4 Ne5 21. h5 Rh8
22. f4 Nc6 23. Kd1 Bc5 24. Rh3 e5 25. g4 h6 26. hxg6+ Kg7 27. Bh4 exf4 28. e5
dxe5 29. Be4 Rad8+ 30. Rd2 Rxd2+ 31. Kxd2 Rd8+ 32. Rd3 Rd4 33. Rxd4 exd4 34. Bf5
Ne5 35. Bf2 b6 36. a3 a5 37. Kd1 Nc6 38. Be4 Ne5 39. Bf5 e6 40. Bxe6 Nd3 41. Ke2
Nc1+ 42. Kf3 Nxb3 43. Bf5 Nd2+ 44. Ke2 Nxc4 45. Bg1 Ne5 46. Bh2 d3+ 47. Bxd3 f3+
48. Kd2 Nxd3 49. Kxd3 Kxg6 50. Bf4 Bxa3 51. Kd4 0-1

[Event "Druzynowe Mistrzostwa Polski - II Liga 2023"]
[Site "Jastrzebia Gora"]
[Date "1899-12-30"]
[Round "1.123"]
[White "Zarnowski, Krzysztof"]
[Black "Twardowski, Hubert"]
[Result "1-0"]
[WhiteTitle "k"]
[BlackTitle "I+"]
[WhiteElo "2113"]
[BlackElo "1853"]

1. d4 d5 2. c4 c6 3. Nf3 Nf6 4. Nc3 e6 5. Bg5 dxc4 6. e4 b5 7. e5 h6 8. Bh4 g5
9. Nxg5 hxg5 10. Bxg5 Nbd7 11. exf6 Bb7 12. g3 c5 13. d5 Qb6 14. Bg2 O-O-O 15.
O-O b4 16. Na4 Qb5 17. dxe6 Bxg2 18. Kxg2 Qc6+ 19. f3 Qxe6 20. Qc2 Ne5 21. h4
Nd3 22. Rad1 Bd6 23. b3 Qe5 24. f4 Qe4+ 25. Kh2 Rhe8 26. bxc4 Qe2+ 27. Qxe2 Rxe2+
28. Kg1 Bc7 29. Rf3 Ne1 30. Rxd8+ Kxd8 31. Rf2 Re3 32. Rd2+ Ke8 33. Kf2 Ra3 34.
Kxe1 Rxa4 35. Re2+ Kf8 36. Bh6+ Kg8 37. Bg7 Ra6 38. Re8+ Kh7 39. f5 Bxg3+ 40.
Kf1 1-0

[Event "Druzynowe Mistrzostwa Polski - II Liga 2023"]
[Site "Jastrzebia Gora"]
[Date "1899-12-30"]
[Round "1.124"]
[White "Chmura, Eryk"]
[Black "Swider, Pawel"]
[Result "1/2-1/2"]
[WhiteTitle "I++"]
[BlackTitle "I++"]
[WhiteElo "1752"]
[BlackElo "1944"]

1. e4 c6 2. d4 d5 3. e5 Bf5 4. Nf3 e6 5. Be2 c5 6. Be3 cxd4 7. Nxd4 Ne7 8. Nd2
Nbc6 9. N2f3 a6 10. O-O Be4 11. c3 Bxf3 12. Nxf3 Nf5 13. Bf4 Bc5 14. Bd3 Nh4 15.
Nxh4 Qxh4 16. Qf3 O-O 17. Bg3 Qe7 18. Qh5 g6 19. Qh6 Rfe8 20. Rfe1 Qc7 21. Rad1
Bf8 22. Qg5 Rac8 23. h4 Qd8 24. Qf4 Ne7 25. h5 Nf5 26. Bxf5 gxf5 27. Bh4 Be7 28.
Bxe7 Qxe7 29. Rd3 Kh8 30. Rg3 Rc4 31. Qh6 Rg8 32. Rxg8+ Kxg8 33. Re3 Rg4 34. Rg3
Qh4 35. Rxg4+ Qxg4 36. g3 Qg7 37. Qe3 h6 38. Kg2 Qg4 39. Qxh6 Qe4+ 40. Kh2 Qxe5
41. Qg5+ Kh7 42. Qe7 Kg7 43. Qg5+ Kh7 1/2-1/2

[Event "Druzynowe Mistrzostwa Polski - II Liga 2023"]
[Site "Jastrzebia Gora"]
[Date "1899-12-30"]
[Round "1.125"]
[White "Slezinski, Nikodem"]
[Black "Hladun, Bartlomiej"]
[Result "1-0"]
[WhiteTitle "I++"]
[BlackTitle "I"]
[WhiteElo "1970"]
[BlackElo "1693"]

1. e4 c5 2. Nc3 g6 3. h4 h5 4. Bc4 Nc6 5. d3 d6 6. Bg5 Bg7 7. Qd2 a6 8. a4 Nf6
9. Nge2 Bd7 10. f3 e6 11. d4 Qc7 12. d5 Na5 13. Ba2 e5 14. O-O b5 15. axb5 axb5
16. Ng3 Ng8 17. f4 f6 18. fxe5 fxg5 19. Qxg5 Ne7 20. e6 Bh6 21. exd7+ Qxd7 22.
Qf6 Rf8 23. Qe6 Be3+ 24. Kh1 Qxe6 25. dxe6 Rb8 26. Bd5 Rxf1+ 27. Nxf1 1-0

[Event "Druzynowe Mistrzostwa Polski - II Liga 2023"]
[Site "Jastrzebia Gora"]
[Date "1899-12-30"]
[Round "1.126"]
[White "Filipska, Maja"]
[Black "Hampel, Anna"]
[Result "1-0"]
[WhiteTitle "I++"]
[BlackTitle "I++"]
[WhiteElo "1763"]
[BlackElo "1644"]

1. e4 c5 2. Nf3 d6 3. d4 cxd4 4. Nxd4 Nf6 5. Nc3 a6 6. Bg5 e6 7. Qd2 h6 8. Be3
Ng4 9. O-O-O Nxe3 10. Qxe3 Be7 11. Kb1 b5 12. f4 b4 13. Nce2 Bb7 14. Ng3 Qc7 15.
Be2 Nd7 16. Bg4 Rc8 17. Qe2 Nc5 18. f5 Bf6 19. fxe6 fxe6 20. Nxe6 Qe7 21. Nf5
Qd7 22. Bh5+ 1-0

[Event "Druzynowe Mistrzostwa Polski - II Liga 2023"]
[Site "Jastrzebia Gora"]
[Date "1899-12-30"]
[Round "1.127"]
[White "Darowicki, Mariusz"]
[Black "Siwiec, Arkadiusz"]
[Result "0-1"]
[WhiteTitle "I++"]
[BlackTitle "I++"]
[WhiteElo "1906"]
[BlackElo "2211"]

1. Nf3 Nf6 2. b3 g6 3. Bb2 Bg7 4. g3 O-O 5. Bg2 c5 6. c4 d5 7. cxd5 Nxd5 8. Bxg7
Kxg7 9. O-O Nf6 10. d4 cxd4 11. Qxd4 Nc6 12. Qb2 Qa5 13. h3 Be6 14. Nc3 Kg8 15.
Rac1 Rfd8 16. Na4 Ne4 17. Rfd1 Rxd1+ 18. Rxd1 Rd8 19. Rxd8+ Qxd8 20. Qc2 Bf5 21.
Qd3 Qxd3 22. exd3 Nd6 23. d4 Nb5 24. Nb2 Nbxd4 25. Nxd4 Nxd4 26. Bxb7 Bb1 27.
a4 Nxb3 28. Nc4 Nc5 29. Bc6 Be4 30. Bxe4 Nxe4 31. Kg2 Nc5 32. a5 f6 33. Kf3 Kf7
34. Ke3 e5 35. f4 Ke6 36. fxe5 fxe5 37. g4 Kd5 38. Nd2 a6 39. h4 h6 40. h5 gxh5
41. gxh5 Nb7 42. Ne4 Ke6 43. Kf3 Kf5 44. Ng3+ Kg5 45. Ke4 Kg4 46. Nf5 Kxh5 47.
Kxe5 Kg5 48. Ng3 Nxa5 49. Ne4+ Kg6 50. Nc5 Nc6+ 51. Kd6 Nb8 52. Kc7 h5 53. Kxb8
h4 54. Kc7 h3 0-1

[Event "Druzynowe Mistrzostwa Polski - II Liga 2023"]
[Site "Jastrzebia Gora"]
[Date "1899-12-30"]
[Round "1.128"]
[White "Jankowiak, Piotr"]
[Black "Wisniewski, Adam"]
[Result "1-0"]
[WhiteTitle "k"]
[BlackTitle "I+"]
[WhiteElo "2073"]
[BlackElo "1929"]

1. d4 e6 2. Nf3 d5 3. c4 Nf6 4. Bg5 Be7 5. Nc3 h6 6. Bh4 O-O 7. e3 b6 8. cxd5 exd5
9. Ne5 Bb7 10. Bd3 Nbd7 11. Nxd7 Qxd7 12. O-O c5 13. Qf3 a6 14. Bf5 Qc7 15. Bc2
Qd7 16. Rad1 c4 17. Rfe1 b5 18. e4 dxe4 19. Nxe4 Bxe4 20. Rxe4 Rfe8 21. Re5 Rad8
22. Rde1 Kf8 23. Qe2 Bb4 24. Bxf6 gxf6 25. Qe3 fxe5 26. Qxh6+ Ke7 27. Rxe5+ Qe6
28. Rxe6+ fxe6 29. Qg7+ Kd6 30. Qb7 Ra8 31. Be4 Rab8 32. Qxa6+ Ke7 33. a3 Bd6
34. Qa7+ Kf6 35. Qh7 Rg8 36. g3 b4 37. Qh6+ Ke7 38. d5 Rbd8 39. Qxe6+ Kf8 40.
Qf6+ Ke8 41. Bh7 1-0